Statistics for Unusual Presidential First Names

Click here to take the quiz!

General Stats

  • This quiz has been taken 62 times
  • The average score is 7 of 11

Answer Stats

RankFirst NameLast Name% Correct
> 1200BarackObama
79%
679UlyssesGrant
77%
347AbrahamLincoln
71%
543GroverCleveland
68%
257DwightEisenhower
66%
213ChesterArthur
64%
216FranklinPierce, Roosevelt
64%
644MillardFillmore
63%
> 1200RutherfordHayes
57%
181ZacharyTaylor
57%
1020LyndonJohnson
54%

Score Distribution

Percentile by Number Answered

Percent of People with Each Score

Your Score History

You have not taken this quiz